000 00833nam a22002417a 4500
003 DO-SdBNP
005 20211012094457.0
007 ta
008 210617b 2019 dr a 00| 0 eng d
020 _a9789945501414
040 _aDO-SdBNP
_bspa
_cBNPHU
082 4 _aBNPHU RD 864.5
_bE53d
100 1 _aEmeterio Rondón, Nieves Lidia
_957746
245 1 _a Desde el bosque literario /
_cNieves Lidia Emeterio Rondón ; prólogo Ramón Saba.
260 _aSanto Domingo :
_b Universitaria UASD,
_c2019.
300 _a485 p. :
_bil. ;
_c23 cm.
500 _aIncluye datos biográficos de la autora en la solapa de la cubierta
590 _aInventariado, 2021 /LP
590 _aLa biblioteca posee 1 ejemplar autografiado por la autora
700 1 _aSaba, Ramón,
_epról.
_971165
910 _aLopérez
942 _2ddc
_cLBS1
999 _c49951
_d49951